| 000 | 00350pab a2200145 454500 | ||
|---|---|---|---|
| 008 | 180718b2000 xxu||||| |||| 00| 0 eng d | ||
| 100 | _aDasgupta, Gurudas | ||
| 245 | _aGlobalisation evil: Indian working masses in peril | ||
| 260 | _c2000 | ||
| 300 | _ap.6 | ||
| 362 | _a22 Nov | ||
| 650 | _aGlobalization | ||
| 773 | _aStatesman | ||
| 909 | _a48030 | ||
| 999 |
_c48030 _d48030 |
||